| 000 | 01383cam a22003737a 4500 | ||
|---|---|---|---|
| 003 | CHAP | ||
| 005 | 20220329142736.0 | ||
| 008 | 030409d2003 mx ab r 00110 spa d | ||
| 010 | _a87110 | ||
| 011 | _a88082 | ||
| 035 | _a98627 | ||
| 040 | _cCHAP | ||
| 090 | _aTesis | ||
| 100 | 0 | 0 |
_aNaturinda, Benedict. _980422 |
| 245 | 1 | 3 |
_aLa situación actual y perpectiva de la agricultura ecológica en Uganda, África _c/por Benedict Naturinda |
| 260 |
_aChapingo, Méx. : _bEl autor, _c2003. |
||
| 300 |
_a132 h. ; _bilus. ; gráfs. ; cuadros ; mapa |
||
| 502 | _aTesis (M. C. en Economía del Desarrollo ) -- UACH. División de Ciencias Económico-Administrativas | ||
| 590 |
_aALEPH _b10 _c20130110 _lUCH01 _h1453 |
||
| 590 |
_aBATCH-UPD _b10 _c20130110 _lUCH01 _h0604 |
||
| 590 |
_aBATCH-UPD _b10 _c20130410 _lUCH01 _h0246 |
||
| 590 |
_aBATCH-UPD _b10 _c20130914 _lUCH01 _h1249 |
||
| 590 |
_aCONVERSION _b10 _c20130109 _lUCH01 _h1348 |
||
| 650 | 1 | 4 |
_aAgricultura sustentable _zAfrica. _92018 |
| 650 | 1 | 4 |
_aAgricultura sustentable _zUganda. _92025 |
| 650 | 1 | 4 |
_aAgricultura _xAfrica _zAfrica. _9175391 |
| 650 | 1 | 4 |
_aAgricultura _xUganda. _91893 |
| 650 | 1 | 4 |
_aEcología agrícola. _935165 |
| 901 | _aBK | ||
| 905 | _aMayto Villalobos S. | ||
| 942 | _cFOLL | ||
| 949 |
_aTesis _bBC _cTES _d33724000891404 _eTS2 _fc.2 _h40798 _i98627 _sb |
||
| 949 |
_aTesis _bBC _cTES _d98627123 _eTS1 _h40797 _i98627 _sb |
||
| 999 |
_c87110 _d87110 |
||